Családtörténet, mobilitás és iskoláztatás
Elmentve itt :
| Szerző: | |
|---|---|
| Dokumentumtípus: | Cikk |
| Megjelent: |
2002
|
| Sorozat: | Iskolakultúra
12 No. 3 |
| Online Access: | http://misc.bibl.u-szeged.hu/39857 |
| LEADER | 00574nab a2200169 i 4500 | ||
|---|---|---|---|
| 001 | misc39857 | ||
| 005 | 20191106140831.0 | ||
| 008 | 180709s2002 hu o 0|| zxx d | ||
| 022 | |a 1215-5233 | ||
| 040 | |a SZTE Miscellanea Repozitórium |b hun | ||
| 041 | |a zxx | ||
| 100 | 1 | |a Boreczky Ágnes | |
| 245 | 1 | 0 | |a Családtörténet, mobilitás és iskoláztatás |h [elektronikus dokumentum] / |c Boreczky Ágnes |
| 260 | |c 2002 | ||
| 300 | |a 60-68 | ||
| 490 | 0 | |a Iskolakultúra |v 12 No. 3 | |
| 856 | 4 | 0 | |u http://misc.bibl.u-szeged.hu/39857/1/EPA00011_iskolakultura_2002_03_060-068.pdf |z Dokumentum-elérés |